01275nam a22003737a 4500001001000000003000900010005001700019007000300036008003400039040005400073041001000127072003200137090001900169110011900188245009200307260003800399300001100437500003500448650001200483650002400495650002200519650000900541650002500550650001500575650001700590650001800607650002300625650002000648650002100668909003600689942000700725999001700732952015200749BR0405775BR-BrBNA20230928101758.0ta230509b bl.||||| |||| 00| 0 por d aBR-BrBNAbporcBiblioteca Nacional de Agricultura a(Por) aF01b3305b3000b3300b3530  3305 BR04057751 aCompanhia Urbanizadora da Nova Capital do Brasil, Brasília, DF (Brasil). Departamento de Parques e Jardins924981 aManual de jardinagem e produção de mudas do Departamento de Parques e Jardins - DPJ3 aBrasília, DF (Brasil): c2003.  a136 p. a42 ref.; 19 tables; 105 illus. aGRAMADO aÁRVORE ORNAMENTAL aPLANTA ORNAMENTAL aMUDA aPRODUÇÃO VEGETAL aJARDINAGEM aADUBAÇÃO aIRRIGAÇÃO aDOENÇA DE PLANTA aPRAGA DE PLANTA aDISTRITO FEDERAL a202309bLuciac55dLucia Elande cBK c67540d67540 002AGRIS40708AGROBASEa41918b41918l0o 3305 BR0405775p3305 BR0405775r2023-09-25t01yBK10d2023-09-25ePortaria Interministerial nº 164/94